Le cri de 50 animaux - Combien en trouverez-vous ? - Statistiques

Statistiques générales
  • Ce quiz a été pris 55 fois
  • Le résultat moyen est 14 sur 50
Statistiques - réponses
L’animal… Cri % Correct
Le chien… aboie
100%
Le chat… miaule
100%
Le mouton… bêle
83%
Le lion… rugit
79%
Le cheval… hennit
69%
Le tigre…* feule| rugit
67%
La vache…* meugle| beugle
65%
Le coq…* chante| coqueline| coquerite
54%
Le corbeau… croasse
52%
La poule…* glousse| caquette
52%
L’éléphant… barrit
50%
Le hibou et la chouette… hululent
50%
Le loup… hurle
50%
Le pigeon… roucoule
50%
La grenouille… coasse
48%
Le serpent… siffle
48%
L’abeille, le bourdon, le taon…* bourdonnent| vrombissent
46%
Le dindon…* glougloute| glousse
35%
Le cochon… grogne
35%
Le canard… cancane
33%
L’âne… brait
27%
Le renard… glapit
27%
L’ours… grogne
25%
La biche et le cerf…* brame| rait
23%
La pie… jacasse
17%
Le lapin…* clapit| couine| glapit
15%
Le singe… crie
15%
La cigale…(terme scientifique, chante n’est pas accepté) stridule
15%
La hyène…* ricane| hurle
13%
La marmotte… siffle
13%
Le dauphin… siffle
8%
Le coucou…* coucoue| coucoule
6%
Le crocodile…* lamente| vagit
6%
La chauve-souris… grince
4%
L’oie… cacarde
2%
Le lièvre…* couine| vagit
2%
L’aigle…* glatit| trompette
2%
L’alouette…* grisole| tirelire| turlute
2%
Le faucon…* huit| réclame
2%
Le perroquet… jase
2%
L’abatros… piaule
2%
Le pic-vert… picasse
2%
Le goéland…* pleure| raille
2%
Le colibri… zinzinule
2%
La grive… babille
0%
Le bélier… blatère
0%
Le manchot…* brait| jabote
0%
L’hirondelle…* gazouille| trisse
0%
Le sanglier… grommelle
0%
Le héron… hue
0%
Aucun quiz correspondant
Distribution des résultats
% des personnes avec chaque résultat
Percentile par nombre de réponses
Votre historique - résultats
Vous n’avez pas pris ce quiz